Stavebno-technologický projekt: Bytový dom Bratislava

Salvato in:
Dettagli Bibliografici
Autore principale: Majer, Radovan (Autore)
Altri autori: Petro, Marek (Relatore della tesi)
Natura: Manoscritto Libro
Lingua:slovacco
Pubblicazione: 2018
Soggetti:
Accesso online:http://is.stuba.sk/zp/portal_zp.pl?podrobnosti=138243
https://opac.crzp.sk/?fn=detailBiblioForm&sid=752BE197E3AE405D458AF179404B
Tags: Aggiungi Tag
Nessun Tag, puoi essere il primo ad aggiungerne!!

MARC

LEADER 00000ntm a22000003a 4500
001 stuzp69158
003 SK-STU
005 20230626093538.1
007 ta
008 150427s2015----xo-----f-mn---000-0-slo-d
040 |a STU  |b slo 
041 0 |a slo 
100 1 |a Majer, Radovan  |u 010270  |4 aut  |U SvF Stavebná fakulta  |T SvF Katedra technológie stavieb  |X 56558  |U V270  |Y 28  |7 56558 
242 0 1 |a Construction-technology project: Flat house Bratislava  |y eng 
245 1 0 |a Stavebno-technologický projekt: Bytový dom Bratislava 
260 |c 2018 
650 4 |a Technologický predpis  |2 slo 
650 4 |a Časový harmonogram  |2 slo 
650 4 |a Zariadenie staveniska  |2 slo 
650 4 |a Timetable  |2 eng 
650 4 |a Project of the building site  |2 eng 
650 4 |a Technological standard  |2 eng 
700 1 |a Petro, Marek  |u 010270  |k Z1  |4 ths  |U SvF Stavebná fakulta  |T SvF Katedra technológie stavieb  |X 18958  |U V270  |Y 28  |7 A000018958 
856 4 |u http://is.stuba.sk/zp/portal_zp.pl?podrobnosti=138243 
856 4 |u https://opac.crzp.sk/?fn=detailBiblioForm&sid=752BE197E3AE405D458AF179404B